Whisky General Knowledge - Statistics

General Stats
  • This quiz has been taken 148 times
  • The average score is 8 of 15
Answer Stats
Hint Answer % Correct
What wood are whisky barrels typically made from? Oak
97%
What whisky brand produces the red, blue and green label whiskies? Johnnie Walker
90%
How long is the minimum amount of time for whisky to be matured for it to be sold as scotch? 3 years
75%
What type of cask would an oloroso whisky be matured in? Sherry
72%
How many Islay distilleries are there? 9
64%
What is the name given to the whisky that is lost due to evaporation from being in barrels? Angel's share
64%
Frank Sinatra was buried with a bottle of what whiskey? Jack Daniels
53%
What company owns the whisky brand talisker, lagavulin and caol ila? Diageo
48%
What brandhad a whisky from 1926 sell for the most at the time, being $1.9 million? Macallan
45%
There are five scotch whicky regions, highland, lowland, island, speyside and? Campbeltown
42%
From what country does the world renowned whisky brand Starward come from? Australia
34%
What is added to whisky other than bitters in a traditional manhattan? Vermouth
34%
What Islay distillery that closed in 1983 is having a bottle released once per year until the stocks finally run out? Port Ellen
28%
Which whisky brand is said to be perfected by the Men of Tain? Glenmorangie
26%
What distilleries No1 vaults are said to be the oldest in the world? Bowmore
22%
No matching quizzes found
Score Distribution
Percent of People with Each Score
Percentile by Number Answered
Your Score History
You have not taken this quiz